Η μηχανική της ένταξης παιχνιώδους διάστασης και δραστηριοτήτων στο σχεδιασμό εκπαιδευτικής μονάδας προσχολικής εκπαίδευσης με αξιοποίηση ψηφιακής τεχνολογίας : διπλωματική εργασία [μεταπτυχιακή εργασία]

Αποθηκεύτηκε σε:
Λεπτομέρειες βιβλιογραφικής εγγραφής
Κύριος συγγραφέας: Μουσιάδου, Ειρήνη
Συγγραφή απο Οργανισμό/Αρχή: Πανεπιστήμιο Αιγαίου Σχολή Ανθρωπιστικών Επιστημών Τμήμα Επιστημών της Προσχολικής Αγωγής και του Εκπαιδευτικού Σχεδιασμού Πρόγραμμα Μεταπτυχιακών Σπουδών Μοντέλα Σχεδιασμού και Ανάπτυξης Εκπαιδευτικών Μονάδων
Άλλοι συγγραφείς: Καλαβάσης, Φραγκίσκος (Εισηγητής διατριβής)
Μορφή: Thesis Βιβλίο
Γλώσσα:Greek
Δημοσίευση: 2014
Θέματα:
Διαθέσιμο Online:http://hdl.handle.net/11610/14297
Ετικέτες: Προσθήκη ετικέτας
Δεν υπάρχουν, Καταχωρήστε ετικέτα πρώτοι!

MARC

LEADER 00000cam a2200000 i 4500
001 1/59274
008 141107s2014 gre d
035 |l 10119668 
040 |a GR-MY-UA  |b gre  |e aacr 
041 0 |a gre 
082 0 |a 372.21  |2 (22) 
100 1 |a Μουσιάδου, Ειρήνη. 
245 1 2 |a Η μηχανική της ένταξης παιχνιώδους διάστασης και δραστηριοτήτων στο σχεδιασμό εκπαιδευτικής μονάδας προσχολικής εκπαίδευσης με αξιοποίηση ψηφιακής τεχνολογίας :  |b διπλωματική εργασία [μεταπτυχιακή εργασία] /  |c Μουσιάδου Ειρήνη ; επιβλέπων: Φραγκίσκος Καλαβάσης 
260 |c 2014 
300 |a 154 σ.;  |b πίν., εικ.;  |c 30 εκ. 
500 |a Μέλη εξεταστικής επιτροπής: Αναστάσιος Κοντάκος, Παναγιώτης Σταμάτης 
502 |a Διατριβή (μεταπτυχιακή) – Πανεπιστήμιο Αιγαίου, Ρόδος, 2014. 
504 |a Βιβλιογραφία: σ. 132-139 
650 0 0 |a Kindergarten. 
650 0 0 |a Education, Primary  |x Activity programs. 
650 0 0 |a Creative activities and seat work. 
650 0 0 |a Internet in education. 
650 0 0 |a Educational games. 
650 0 0 |a Computer-assisted instruction. 
650 0 0 |a Dissertations, Academic  |z Greece. 
700 1 |a Καλαβάσης, Φραγκίσκος.  |4 ths 
710 2 |a Πανεπιστήμιο Αιγαίου   |b Σχολή Ανθρωπιστικών Επιστημών   |b Τμήμα Επιστημών της Προσχολικής Αγωγής και του Εκπαιδευτικού Σχεδιασμού   |b Πρόγραμμα Μεταπτυχιακών Σπουδών Μοντέλα Σχεδιασμού και Ανάπτυξης Εκπαιδευτικών Μονάδων . 
852 |a INST  |b RHODES  |c DIATR  |e 20141107  |h 372.21 ΜΟΥ  |p 005400037253  |q 005400037253  |t MTXE  |y 23 
852 |a INST  |b RHODES  |c DIATR  |e 20141107  |h 372.21 ΜΟΥ  |p 005400037254  |q 005400037254  |t MTXE  |y 23 
856 |u http://hdl.handle.net/11610/14297 
901 |a BIBL4-2014-3 
909 |a Ρ  |b 183573 
909 |a Ρ  |b 183574 
924 |a ΜΟΥΣΙΑΔΟΥ  |b ΕΙΡΗΝΗ  |y ΡΟΔΟΣ  |z 2014-06 
970 |z 2014/11/07